000 00718cam a22002533a 4500
001 1270
003 PGUSA
005 20140828082959.0
008 980401s1998||||xxu|||||s|||||000 | eng d
040 _aPGUSA
_beng
042 _adc
050 4 _aHQ
100 1 _aMencken, H. L.
_q(Henry Louis),
_d1880-1956
245 1 0 _aIn Defense of Women
_h[electronic resource] /
_cH. L. Mencken
260 _bProject Gutenberg,
_c1998
506 _aPublic domain in the USA.
516 _aElectronic text
653 _aWomen -- Social conditions
653 _aWomen -- Social and moral questions
653 _aSexism
830 0 _aProject Gutenberg
_v1270
856 4 0 _uhttp://www.gutenberg.org/ebooks/1270
942 _cEB
999 _c230618
_d230618